000 02751nam a2200469 i 4500
001 193025
003 SpMaBN
005 20260312132042.0
007 ta
008 230723s2017 sp a o000 0dspa
017 _aM 3245-2017
_bOficina Depósito Legal Madrid
020 _a9788492462506
_qBNE
020 _a9788415272861
_qAC/E
024 7 _aNIPO 032-17-002-X
_2nipo
035 _a(OCoLC)974537108
035 _aa5897285
040 _aSpMaBN
_bspa
_cSpMaBN
_erdc
080 _a78 Barbieri, Francisco A. (083.824)
080 _a929 Barbieri, Francisco A. (083.824)
245 0 0 _aBarbieri :
_bmúsica, fuego y diamantes : [exposición del 24 de febrero al 28 de mayo de 2017]
_c[comisariado, Emilio Casares Rodicio ; textos, Emilio Casares Rodicio ... et al. ; organizan, Biblioteca Nacional de España, Acción Cultural Española (AC/E )]
260 _a[Madrid] :
_bBiblioteca Nacional de España :
_bAcción Cultural Española,
_c2017
300 _a163 páginas :
_bilustraciones (blanco y negro y color) ;
_c24 cm
336 _aTexto (visual)
_2isbdcontent
337 _asin mediación
_2isbdmedia
338 _2rdacarrier
_avolumen
500 _aCatalogación provisional. Signatura: N 8526. Depósito J.
504 _aBibliografía: páginas 132-133
520 _aMúsico y compositor de enorme popularidad, Francisco Asenjo Barbieri fue también promotor de iniciativas culturales y notable investigador y erudito. Fruto de su bibliofilia es el llamado Legado Barbieri, compuesto por obras antiguas de gran valor que donó a su muerte a la Biblioteca Nacional de España. El catálogo de la exposición "Barbieri: música, fuego y diamantes", coordinado por el gran especialista Emilio Casares, comisario también de la muestra, recorre todas las facetas de la vida y la obra del insigne autor y cuenta con colaboraciones de María Encina Cortizo, Isabelle Porto y José Carlos Gosálvez
530 _aDisponible en formato digital
600 1 0 _aBarbieri, Francisco A.,
_d1823-1894-
_vExposiciones
_9233831
655 7 _aCatálogos de exposiciones
_2tgfbne
_9193628
700 0 _aCasares Rodicio, Emilio,
_d1943-
_936169
_eorm
710 2 _aBiblioteca Nacional de España
_eisb
_9234950
710 2 _aSociedad Estatal de Acción Cultural (España)
_eisb
_9152069
852 _aES-MaACL
_cDEPOJ
_hDonación: Biblioteca Nacional de España
_jN-8526
_9200330
_zEn proceso
856 4 _uhttps://bne.es/es/publicaciones/barbieri
_yVersión en línea
_zBiblioteca Nacional de España
914 _aBiblioteca Nacional de España
_ednr
_9234950
942 _n0
_cMONOGRAFIA
999 _c193025
_d193025